1254 1444 1801 1356 1995 1607 1451 1446 1251 1309 2000 1049 1104 1684 1413 1966 1627 1701 1049 1797 1797 1766 1599 1904 1752 1241 1532 1958 1632 1304 1497 1712 1679 1552 1469 1772 1751 1513 1749 1199 1629 1251 1731 1798 1851 1407 1371 1471 1530 1779 1371 1264 1087 1472 1193 1335 1112 1984 1795 1205 1884 1993 1730 1305 1485 1259 1634 1979 1301 1556 1123 1317 1478 1077 1083 1918 1895 1222 1373 1886 1611 1715 1670 1967 1145 1465 1414 1503 1084 1165 1863 1134 1994 1383 1885 1224 1413 1741 1633 BCNSPRNW ULIB Ver.6.0+V

เปลี่ยนเป็นภาษาไทย

Change to English
 แสดงรายละเอียดบรรณานุกรม
  กลับหน้าหลัก

Brief Record : Get Marc (ISO 2709) : E-mail record : QR code < ปิดหน้าต่าง
LEADER : 00000nam 2200000uu 4500
001    13399127195
003     ULIB
008    191021s2562||||th 000 0 tha d
020 ^- ^a9786160036202
050 ^- ^aนว.^bต258ณ
100 0^ aตะวัน.
245 10 ^aณ จุดเกิดรัก /^cตะวัน.
250 ^- ^aพิมพ์ครั้งที่ 1.
260 ^- ^aกรุงเทพฯ :^bบริษัทสถาพรบุ๊คส์ จำกัด,^c2562
300 ^- ^a487 หน้า.
945    ^p340^l0^i27887
999    ^aกัณชพร จุลอักษร
รายการนี้ยังไม่มีแท็ก
คุณยังไม่ได้ล็อกอิน คุณสามารถมีกิจกรรมร่วมกับเว็บไซต์ได้ แต่ต้องล็อกอินก่อน ::
  ล็อกอิน

รายการสื่อสารสนเทศ

ลำดับที่ ประเภท เลขเรียก/บาร์โค้ด สถานที่ สถานะ
1. วิทยาศาสตร์การแพทย์ และสุขภาพ
วิทยาศาสตร์การแพทย์ และสุขภาพ
นว. ต258ณ ฉ.1 
  Barcode: 27887
ห้องสมุดวิทยาเขตนครสวรรค์
►นวนิยาย:l:Fiction
บนชั้น

รายการใกล้เคียง
    ผู้แต่ง [aตะวัน.]

BibComment


ยังไม่เคยถูกคอมเมนท์

คอมเมนท์ทรัพยากรรายการนี้
  คอมเมนท์: ณ จุดเกิดรัก ตะ..


 Copyright 2026. Bcnsprnw @Library